000 00342nam a2200145Ia 4500
008 230711s9999||||xx |||||||||||||| ||und||
041 _aENG
082 _a624
_bST-S
100 _aStewart,B.A
245 0 _aAdvances in soil science
250 _a1st . Ed.
260 _c1986
_aNew Delhi
_bSpringer
650 _aCivil Engineering
942 _cBK
999 _c3552
_d3552